<?xml version="1.0" encoding="UTF-8"?>
<record
    xmlns:xsi="http://www.w3.org/2001/XMLSchema-instance"
    xsi:schemaLocation="http://www.loc.gov/MARC21/slim http://www.loc.gov/standards/marcxml/schema/MARC21slim.xsd"
    xmlns="http://www.loc.gov/MARC21/slim">

  <leader>01597nam a22002657a 4500</leader>
  <controlfield tag="005">20090615122844.0</controlfield>
  <controlfield tag="008">090615t        xxu||||| |||| 00| 0 hin d</controlfield>
  <datafield tag="010" ind1=" " ind2=" ">
    <subfield code="a">HIN-86939</subfield>
  </datafield>
  <datafield tag="020" ind1=" " ind2=" ">
    <subfield code="a">9788123730869</subfield>
    <subfield code="c">65.00</subfield>
  </datafield>
  <datafield tag="035" ind1=" " ind2=" ">
    <subfield code="a">HN-59285</subfield>
  </datafield>
  <datafield tag="037" ind1=" " ind2=" ">
    <subfield code="b">DBAD / VEN</subfield>
  </datafield>
  <datafield tag="040" ind1=" " ind2=" ">
    <subfield code="a">dpl</subfield>
    <subfield code="b">hn</subfield>
  </datafield>
  <datafield tag="082" ind1=" " ind2=" ">
    <subfield code="a">796.358</subfield>
  </datafield>
  <datafield tag="100" ind1=" " ind2=" ">
    <subfield code="a">&#x91A;&#x924;&#x941;&#x930;&#x94D;&#x935;&#x947;&#x926;&#x940;, &#x938;&#x942;&#x930;&#x94D;&#x92F;&#x92A;&#x94D;&#x930;&#x915;&#x93E;&#x936; </subfield>
  </datafield>
  <datafield tag="245" ind1=" " ind2=" ">
    <subfield code="a">&#x906;&#x91C;&#x93E;&#x926; &#x92D;&#x93E;&#x930;&#x924; &#x92E;&#x947;&#x902; &#x915;&#x94D;&#x930;&#x93F;&#x915;&#x947;&#x91F; /</subfield>
    <subfield code="c">&#x938;&#x942;&#x930;&#x94D;&#x92F;&#x92A;&#x94D;&#x930;&#x915;&#x93E;&#x936; &#x91A;&#x924;&#x941;&#x930;&#x94D;&#x935;&#x947;&#x926;&#x940; </subfield>
  </datafield>
  <datafield tag="246" ind1=" " ind2=" ">
    <subfield code="a">Aazaada Bhaaraat men Cricket </subfield>
    <subfield code="b">by Suryaprakash Chaturvedi </subfield>
  </datafield>
  <datafield tag="260" ind1=" " ind2=" ">
    <subfield code="a">&#x928;&#x908; &#x926;&#x93F;&#x932;&#x94D;&#x932;&#x940;</subfield>
    <subfield code="b">&#x928;&#x947;&#x936;&#x928;&#x932; &#x92C;&#x941;&#x915; &#x91F;&#x94D;&#x930;&#x938;&#x94D;&#x91F;</subfield>
    <subfield code="c">2008</subfield>
  </datafield>
  <datafield tag="270" ind1=" " ind2=" ">
    <subfield code="a">&#x928;&#x947;&#x939;&#x930;&#x942; &#x92D;&#x935;&#x928;, 5&#x907;&#x902;&#x938;&#x94D;&#x91F;&#x940;&#x91F;&#x94D;&#x92F;&#x942;&#x936;&#x928;&#x932; &#x90F;&#x930;&#x93F;&#x92F;&#x93E;, &#x92B;&#x947;&#x91C;-2 &#x935;&#x938;&#x902;&#x924; &#x915;&#x941;&#x902;&#x91C;,</subfield>
    <subfield code="b">&#x928;&#x908; &#x926;&#x93F;&#x932;&#x94D;&#x932;&#x940;</subfield>
    <subfield code="e">110070 </subfield>
  </datafield>
  <datafield tag="300" ind1=" " ind2=" ">
    <subfield code="a">&#x917;&#x94D;&#x92F;&#x93E;&#x930;&#x939;, 142&#x92A;&#x943;.</subfield>
    <subfield code="c">22&#x938;&#x947;&#x92E;&#x940; (&#x905;&#x91C;&#x93F;&#x932;&#x94D;&#x926;) </subfield>
    <subfield code="b">&#x938;&#x91A;&#x93F;&#x924;&#x94D;&#x930; </subfield>
  </datafield>
  <datafield tag="650" ind1=" " ind2=" ">
    <subfield code="a">&#x915;&#x94D;&#x930;&#x93F;&#x915;&#x947;&#x91F;</subfield>
    <subfield code="y">1947-</subfield>
    <subfield code="z">&#x92D;&#x93E;&#x930;&#x924;</subfield>
  </datafield>
  <datafield tag="650" ind1=" " ind2=" ">
    <subfield code="a">Cricket</subfield>
    <subfield code="y">1947-</subfield>
    <subfield code="z">India</subfield>
  </datafield>
  <datafield tag="366" ind1=" " ind2=" ">
    <subfield code="b">&#x928;&#x93E;&#x930;&#x94D;&#x925; &#x907;&#x902;&#x921;&#x93F;&#x92F;&#x93E; &#x92A;&#x92C;&#x947;&#x932;&#x93F;&#x936;&#x930;&#x94D;&#x938; &#x90F;&#x923;&#x94D;&#x921; &#x921;&#x93F;&#x938;&#x94D;&#x91F;&#x94D;&#x930;&#x940;&#x92C;&#x94D;&#x92F;&#x942;&#x91F;&#x930;&#x94D;&#x938;, &#x92B;&#x947;&#x938; &#x908;-1/265, &#x917;&#x932;&#x940; &#x928;&#x902;.-17, &#x938;&#x94B;&#x928;&#x93F;&#x92F;&#x93E; &#x935;&#x93F;&#x939;&#x93E;&#x930;, &#x926;&#x93F;&#x932;&#x94D;&#x932;&#x940;-110094 </subfield>
  </datafield>
  <datafield tag="942" ind1=" " ind2=" ">
    <subfield code="2">ddc</subfield>
    <subfield code="c">HN</subfield>
    <subfield code="m">&#x91A;&#x924;&#x941;&#x930;&#x94D;&#x935;&#x947;</subfield>
    <subfield code="h">796.358</subfield>
  </datafield>
  <datafield tag="999" ind1=" " ind2=" ">
    <subfield code="c">27455</subfield>
    <subfield code="d">27455</subfield>
  </datafield>
  <datafield tag="952" ind1=" " ind2=" ">
    <subfield code="0">0</subfield>
    <subfield code="1">0</subfield>
    <subfield code="2">ddc</subfield>
    <subfield code="4">0</subfield>
    <subfield code="7">1</subfield>
    <subfield code="a">DBAD</subfield>
    <subfield code="b">DBAD</subfield>
    <subfield code="d">2009-06-15</subfield>
    <subfield code="e">DBAD / PUB</subfield>
    <subfield code="g">65.00</subfield>
    <subfield code="l">0</subfield>
    <subfield code="o">796.358 &#x91A;&#x924;&#x941;&#x930;&#x94D;&#x935;&#x947;</subfield>
    <subfield code="p">HN-59285</subfield>
    <subfield code="r">2009-06-15 00:00:00</subfield>
    <subfield code="t">1</subfield>
    <subfield code="v">65.00</subfield>
    <subfield code="w">2009-06-15</subfield>
    <subfield code="y">HN</subfield>
  </datafield>
</record>
